[Event "OP-2015-0-03609"]
[Site "LSS email"]
[Date "2015.01.05"]
[Round "?"]
[White "Trusewicz, Jolanta"]
[Black "Vonkock, Richard"]
[Result "1-0"]
[WhiteElo "800"]
[BlackElo "1228"]
[PlyCount "39"]
[EventDate "2014.12.31"]
[EventType "tourn (corr)"]
[EventRounds "4"]
[EventCountry "GER"]
[SourceTitle "Corr 2022"]
[Source "ChessBase"]
[SourceDate "2021.10.24"]
[SourceVersion "1"]
[SourceVersionDate "2021.10.24"]
[SourceQuality "1"]

1. f4 e6 2. Nf3 Nf6 3. e3 b6 4. b3 Bb7 5. Bb2 Ne4 6. Nc3 Nf6 7. a3 Bd6 8. Be2 Nc6 9. 0-0 Qe7 10. Qe1 0-0-0 11. Nb5 h5 12. b4 g5 13. Nxd6+ Qxd6 14. Bxf6 g4 15. Ng5 Ne7 16. Rf2 Rh6 17. Be5 Qc6 18. b5 Qd5 19. c4 Qc5 20. d4 1-0

[Event "OP-2015-0-03609"]
[Site "LSS email"]
[Date "2015.01.05"]
[Round "?"]
[White "Vonkock, Richard"]
[Black "Vasek, Vladimir"]
[Result "0-1"]
[WhiteElo "1228"]
[BlackElo "1753"]
[PlyCount "22"]
[EventDate "2014.12.31"]
[EventType "tourn (corr)"]
[EventRounds "4"]
[EventCountry "GER"]
[SourceTitle "Corr 2022"]
[Source "ChessBase"]
[SourceDate "2021.10.24"]
[SourceVersion "1"]
[SourceVersionDate "2021.10.24"]
[SourceQuality "1"]

1. e4 e6 2. Nf3 d5 3. c4 dxe4 4. Ne5 Qd4 5. Qa4+ c6 6. Ng4 Na6 7. Qc2 f5 8. Ne3 f4 9. Ng4 Nb4 10. Qb3 h5 11. Qh3 Nc2+ 0-1

[Event "RN-2014-0-00904"]
[Site "LSS email"]
[Date "2015.01.05"]
[Round "?"]
[White "Vonkock, Richard"]
[Black "Venturas, Bob"]
[Result "1-0"]
[WhiteElo "790"]
[BlackElo "745"]
[PlyCount "35"]
[EventDate "2014.12.28"]
[EventType "tourn (corr)"]
[EventRounds "6"]
[EventCountry "GER"]
[SourceTitle "Corr 2015"]
[Source "ChessBase"]
[SourceDate "2015.07.17"]
[SourceVersion "1"]
[SourceVersionDate "2015.07.17"]
[SourceQuality "1"]

1. e4 e5 2. Nf3 Nc6 3. Bc4 h6 4. Nc3 Nf6 5. d3 a6 6. Qe2 Be7 7. Be3 d6 8. 0-0-0 0-0 9. h4 Bg4 10. Qd2 Qd7 11. Bxh6 Nh5 12. Bxg7 Nxg7 13. Qh6 Bf6 14. Qxf6 Kh7 15. Ng5+ Kg8 16. h5 Bxd1 17. h6 Ne8 18. h7# 1-0

[Event "ZN-2014-0-02917"]
[Site "LSS email"]
[Date "2014.12.15"]
[Round "?"]
[White "Raines, David T"]
[Black "Vonkock, Richard"]
[Result "0-1"]
[WhiteElo "978"]
[BlackElo "790"]
[PlyCount "24"]
[EventDate "2014.12.12"]
[EventType "match (corr)"]
[EventRounds "2"]
[EventCountry "GER"]
[SourceTitle "Corr 2015"]
[Source "ChessBase"]
[SourceDate "2015.07.17"]
[SourceVersion "1"]
[SourceVersionDate "2015.07.17"]
[SourceQuality "1"]

1. d4 c5 2. dxc5 e5 3. e4 Bxc5 4. Nf3 d6 5. Bc4 Nf6 6. Bg5 Nc6 7. h3 Qb6 8. 0-0 Nxe4 9. Nc3 Bxf2+ 10. Kh1 Ng3+ 11. Kh2 0-0 12. Qe2 Nxe2 0-1

[Event "OP-2014-0-03550"]
[Site "LSS email"]
[Date "2014.11.10"]
[Round "?"]
[White "Puzanov, Vasily"]
[Black "Vonkock, Richard"]
[Result "0-1"]
[WhiteElo "1402"]
[BlackElo "881"]
[PlyCount "22"]
[EventDate "2014.11.04"]
[EventType "tourn (corr)"]
[EventRounds "4"]
[EventCountry "GER"]
[SourceTitle "Corr 2015"]
[Source "ChessBase"]
[SourceDate "2015.07.17"]
[SourceVersion "1"]
[SourceVersionDate "2015.07.17"]
[SourceQuality "1"]

1. e4 c5 2. Nc3 e5 3. Nf3 Ne7 4. Nxe5 Ng6 5. Nxg6 hxg6 6. d3 Nc6 7. Be3 Ne5 8. Qd2 c4 9. Be2 Qf6 10. 0-0-0 a5 11. Nd5 Qc6 0-1

[Event "ZN-2014-0-02862"]
[Site "LSS email"]
[Date "2014.11.10"]
[Round "?"]
[White "Ualpaev, Sergej"]
[Black "Vonkock, Richard"]
[Result "1-0"]
[WhiteElo "800"]
[BlackElo "800"]
[PlyCount "75"]
[EventDate "2014.11.08"]
[EventType "match (corr)"]
[EventRounds "2"]
[EventCountry "GER"]
[SourceTitle "Corr 2022"]
[Source "ChessBase"]
[SourceDate "2021.10.24"]
[SourceVersion "1"]
[SourceVersionDate "2021.10.24"]
[SourceQuality "1"]

1. e4 c5 2. d4 e6 3. d5 a6 4. Nf3 Nf6 5. dxe6 dxe6 6. Qxd8+ Kxd8 7. Ne5 Ke7 8. Bg5 g6 9. Bc4 b5 10. Bxf6+ Kxf6 11. Ng4+ Kg7 12. Be2 h5 13. Ne5 Bd6 14. Nf3 Bb7 15. Ng5 Nd7 16. 0-0 h4 17. h3 Ne5 18. f4 Nc4 19. Bxc4 bxc4 20. Nc3 a5 21. e5 Bc7 22. Rad1 Bd8 23. Nxf7 Kxf7 24. Nb5 Ba6 25. Rd7+ Ke8 26. Nc7+ Bxc7 27. Rxc7 c3 28. Rb1 Kd8 29. Rxc5 a4 30. Rxc3 Ke7 31. b3 a3 32. b4 Bc4 33. Rxc4 Rhf8 34. b5 Rad8 35. b6 Rb8 36. Rc7+ Ke8 37. b7 Rxf4 38. Rc8+ 1-0

[Event "ZN-2014-0-02862"]
[Site "LSS email"]
[Date "2014.11.10"]
[Round "?"]
[White "Vonkock, Richard"]
[Black "Ualpaev, Sergej"]
[Result "1-0"]
[WhiteElo "800"]
[BlackElo "800"]
[PlyCount "91"]
[EventDate "2014.11.08"]
[EventType "match (corr)"]
[EventRounds "2"]
[EventCountry "GER"]
[SourceTitle "Corr 2022"]
[Source "ChessBase"]
[SourceDate "2021.10.24"]
[SourceVersion "1"]
[SourceVersionDate "2021.10.24"]
[SourceQuality "1"]

1. e4 Nc6 2. Nf3 e5 3. d4 f6 4. d5 Nd4 5. Nxd4 exd4 6. Bc4 Bc5 7. Qh5+ g6 8. Qf3 d6 9. Bb5+ Bd7 10. Bd3 Qe7 11. Nd2 Bb4 12. 0-0 Bxd2 13. Bxd2 f5 14. e5 dxe5 15. c4 e4 16. Qf4 c6 17. Be2 Qf6 18. Qc7 f4 19. Bxf4 Rc8 20. Qe5+ Kd8 21. Bg5 Qxg5 22. Qxh8 Bh3 23. Qxg8+ Kc7 24. Qxh7+ Bd7 25. c5 Kb8 26. Qxd7 cxd5 27. Bg4 Qd8 28. Qb5 Rc6 29. Rfd1 a6 30. Qb3 Rxc5 31. Rxd4 Rb5 32. Qg3+ Ka7 33. h3 Rxb2 34. Rad1 Rb5 35. Be6 Qe7 36. Bxd5 e3 37. fxe3 Rb2 38. Ra4 Re2 39. Qxg6 Qxe3+ 40. Kh2 Qe5+ 41. Kg1 Qe3+ 42. Kh2 Qf4+ 43. Qg3 Qxa4 44. Bxb7 Qxd1 45. Qc7 Rc2 46. Bc6# 1-0